000 00488nam a2200157Ia 4500
008 090123s9999 xx 000 0 und d
082 _b71
_a891.463/कवठेकर
100 _aकवठेकर द.र.
245 _aआभाळाची सावली
250 _a0
600 _aकवठेकर द.र.
630 _aआभाळाची सावली
700 _aकवठेकर द.र.
730 _aआभाळाची सावली
942 _cBOOK
999 _c38160
_d38160